El descubrimiento del universo / (Registro nro. 12522)

Detalles MARC
000 -LEADER
fixed length control field 01030nam a2200313 b 4500
001 - CONTROL NUMBER
control field
003 - CONTROL NUMBER IDENTIFIER
control field DO-SdBNP
005 - DATE AND TIME OF LATEST TRANSACTION
control field 20170120090515.0
008 - FIXED-LENGTH DATA ELEMENTS--GENERAL INFORMATION
fixed length control field 930119s1990 sp | ||| ||spa d
016 7# - NATIONAL BIBLIOGRAPHIC AGENCY CONTROL NUMBER
Record control number
Canceled/invalid record control number
Source BPMSU
017 ## - COPYRIGHT OR LEGAL DEPOSIT NUMBER
Copyright or legal deposit number
Assigning agency
020 ## - INTERNATIONAL STANDARD BOOK NUMBER
International Standard Book Number 8473740483
035 ## - SYSTEM CONTROL NUMBER
System control number (OCoLC)
040 ## - CATALOGING SOURCE
Original cataloging agency BPMSU
Language of cataloging spa
Transcribing agency BPMSU
080 #4 - UNIVERSAL DECIMAL CLASSIFICATION NUMBER
Universal Decimal Classification number
100 1# - MAIN ENTRY--PERSONAL NAME
Personal name Osman, Tony
245 13 - TITLE STATEMENT
Title El descubrimiento del universo /
Medium
Statement of responsibility, etc. Tony Osman ; dibujos, Gordon Davies... [et al.] ; adaptación, Antonio Zorita García
246 13 - VARYING FORM OF TITLE
Title proper/short title
Remainder of title
260 ## - PUBLICATION, DISTRIBUTION, ETC. (IMPRINT)
Place of publication, distribution, etc. Madrid :
Name of publisher, distributor, etc. Lagos,
Date of publication, distribution, etc. 1990
300 ## - PHYSICAL DESCRIPTION
Extent 48 p. :
Other physical details il. ;
Dimensions 28 cm
490 ## - SERIES STATEMENT
Series statement El Museo de los descubrimientos
500 ## - GENERAL NOTE
General note Índice
505 ## - FORMATTED CONTENTS NOTE
Formatted contents note De la astronomía primitiva a las pruebas especiales -- Formación de la tierra y las estrellas -- Objetos extraños y misterios sin resolver del lejano espacio
700 1# - ADDED ENTRY--PERSONAL NAME
Personal name Davis, Gordon
700 1# - ADDED ENTRY--PERSONAL NAME
Personal name Zorita García, Antonio
830 ## - SERIES ADDED ENTRY--UNIFORM TITLE
Uniform title El Museo de los descubrimientos
942 ## - ADDED ENTRY ELEMENTS (KOHA)
Source of classification or shelving scheme Dewey Decimal Classification
Koha item type Libros
956 ## - LOCAL ELECTRONIC LOCATION AND ACCESS (OCLC)
Host name VMATEO
Access number 10
Compression information 20170120
Path BPMSU
Electronic name 0069
Existencias
Withdrawn status Lost status Source of classification or shelving scheme Damaged status Not for loan Collection code Home library Current library Date acquired Source of acquisition Total Checkouts Barcode Date last seen Price effective from Koha item type
    Dewey Decimal Classification     Colección General Biblioteca Pública Metropolitana Salomé Ureña Biblioteca Pública Metropolitana Salomé Ureña 01/20/2017 Agencia de Cooperación Internacional de Japón   BPMSU17010740 01/20/2017 01/20/2017 Libros